| 000 | 00345 a2200133 4500 | ||
|---|---|---|---|
| 005 | 20250619092104.0 | ||
| 020 | _a0-07-234563-2 | ||
| 082 | _a658.4 WAL | ||
| 100 | _aWALKER, G. | ||
| 245 | _aModern Competitive Strategy | ||
| 260 |
_aBoston _bMcGraw-Hill Irwin _c2004. |
||
| 300 |
_axvii, 289p.:ill.;charts, figures _bIndex _c23cm |
||
| 942 |
_2ddc _cBKS |
||
| 999 |
_c4384 _d4384 |
||